000
00324nam a22001457a 4500
003
SGT
020
_a
978-93-86554-78-9
082
_a
615.53
_b
R18V
100
_a
VINAYA,P.N.
245
_a
REGENERATION & WOUND HEALING
260
_a
VARANASI
_b
CHAUKHAMBA PUB
_c
2018
300
_a
160
650
_a
AYURVEDA
942
_2
ddc
_c
BK
999
_c
16543
_d
16543